Countries With The Best Public Healthcare - Statistics

General Stats
  • This quiz has been taken 78 times
  • The average score is 9 of 10
Answer Stats
Rank Answer % Correct
8 United Kingdom
94%
1 Sweden
92%
7 Norway
90%
9 Finland
89%
2 Germany
87%
4 Canada
86%
5 Switzerland
86%
3 Denmark
82%
6 Netherlands
80%
10 Japan
77%
No matching quizzes found
Score Distribution
Percent of People with Each Score
Percentile by Number Answered
Your Score History
You have not taken this quiz